[Event "India rating op"]
[Site "India"]
[Date "2019.02.03"]
[Round "10"]
[White "Ameya, Chavan"]
[Black "Gusain, Himal"]
[Result "0-1"]
[WhiteElo "2048"]
[BlackElo "2278"]
[PlyCount "55"]
[EventDate "2019.02.03"]
[EventType "swiss"]
[EventRounds "11"]
[EventCountry "IND"]
[SourceTitle "EXT 2021"]
[Source "ChessBase"]
[SourceDate "2020.10.23"]
[SourceVersion "1"]
[SourceVersionDate "2020.10.23"]
[SourceQuality "1"]

1. e4 d6 2. d4 Nf6 3. Nc3 g6 4. f3 c6 5. Be3 b5 6. a3 Bb7 7. Qd2 Nbd7 8. Bd3 Qc7 9. Nge2 a6 10. g4 c5 11. dxc5 dxc5 12. Nf4 Rd8 13. Qf2 h5 14. g5 Nh7 15. Nfd5 Qc8 16. h4 e6 17. Nf4 Bg7 18. e5 Nxe5 19. Bxc5 Nxd3+ 20. cxd3 e5 21. d4 exf4 22. 0-0 Nf8 23. Rfe1+ Ne6 24. Re2 Bf8 25. Rae1 Bxc5 26. Rxe6+ fxe6 27. Rxe6+ Be7 28. Qe3 0-1